000
00326nam a22001457a 4500
008
230324b ||||| |||| 00| 0 eng d
020
_a
9780907845072
041
_a
eng
080
_a
61
082
_a
61LEO
100
_a
7
101
_a
MJEKSI
245
_a
EVOLUTIONARY ORIGINS OF MORALITY
_c
LEONARD.D.K
942
_2
udc
_c
BK
999
_c
59455
_d
59455